Name the lyrics to Scotland the Brave - Statistics

General Stats
  • This quiz has been taken 3 times
  • The average score is 1 of 30
Answer Stats
Answer % Correct
Scotland the brave
67%
Towering in gallant fame
33%
Beneath Scottish skies
0%
Brave are the hearts that beat
0%
Down through the glen
0%
Far off in sunlit places
0%
From a fair maidens' eyes
0%
Hark when the night is falling
0%
Hear hear the pipes are calling
0%
High as the spirits
0%
High in the misty Highlands
0%
High may your proud standards, Gloriously wave
0%
Kind as the love that shines
0%
Land of my heart for ever
0%
Land of my high endeavor
0%
Land of the shining rivers
0%
Longing and dreaming for the homeland again
0%
Loudly and proudly calling
0%
Love sets the heart a-dreaming
0%
Now feel the blood a-leaping
0%
Of sweet Scottish rain
0%
Of the old Highland men
0%
Out by the purple islands
0%
Sad are the Scottish faces
0%
Scotland my mountain hame
0%
Staunch are the friends that greet you
0%
There where the hills are sleeping
0%
Where tropic skies are beaming
0%
Wild are the winds to meet you
0%
Yearning to feel the kiss
0%
No matching quizzes found
Score Distribution
Percent of People with Each Score
Percentile by Number Answered
Your Score History
You have not taken this quiz